000 01552cas a2200409 a 4500
001 16844463
005 20180126081836.0
008 110223c20129999nyuar 0 a0eng c
010 _a 2011238173
020 _a9781609789367
022 0 _a2162-5859
_21
035 _a(OCoLC)ocn703425880
037 _bKaplan, 395 Hudson St., 4th Fl., New York, NY 10014
040 _aGK8
_beng
_cGK8
_dGK8
_dIUL
_dDLC
_dOCLCF
_dOCLCO
_dYDXCP
_dCUS
_dGUA
_dOUP
041 _aeng
042 _apcc
_ansdp
043 _an-us---
080 _a378.1
082 1 0 _a378.1 KAP
_214
100 _a46
101 _aEDU
222 0 _aGRE, Graduate Record Examination
245 0 0 _aGRE, Graduate Record Examination.
246 1 _iIssues for <2014-> have title:
_aGRE, Graduate Record Examination :
_bstrategies, practice, and review
246 1 4 _aNew GRE, Graduate Record Examination :
_bstrategies, practice, and review
246 1 8 _aKaplan new GRE, Graduate Record Examination :
_bstrategies, practice, and review
310 _aAnnual
362 1 _aBegan with 2011/2012.
775 0 _tGRE premier
_w(DLC) 2016233594
_w(OCoLC)795135787
780 0 0 _tGRE, strategies, practice, and review
_w(DLC) 2010239118
_w(OCoLC)676744879
906 _a7
_bcbc
_csercoop
_d2
_encip
_f20
_gn-oclcserc
942 _2ddc
_cBK
999 _c41015
_d41015